000 00511nam a22001937a 4500
003 OSt
005 20140310181934.0
008 130723t xxu||||| |||| 00| 0 eng d
020 _a9781853260933
050 _aPR 4710
_b.G248 1994
082 _aCLA G21no
_b1994
100 _aGaskell, Elizabeth C.
_93270
245 _aNorth and South /
_cElizabeth C. Gaskell.
260 _aLondon :
_bWordsworth,
_cc1994.
300 _a403 p.:
_c18 cm.
541 _j1
562 _e1
942 _2lcc
_cBBK
_kCLA
999 _c7498
_d7498